| 000 | 00517nam a2200169 i 4500 | ||
|---|---|---|---|
| 001 | 129741 | ||
| 003 | ES-MaACL | ||
| 005 | 20230906193550.0 | ||
| 007 | t| | ||
| 008 | 070704s1947 sp ||||1| spa d | ||
| 100 | 1 |
_aMaza, Josefina de la. _979452 |
|
| 245 | 1 | 0 |
_aVida de San Juan de la Cruz / _cJosefina de la Maza [seud.] y María Jiménez Salas. |
| 260 |
_aMadrid : _bEditora Nacional, _c1947. |
||
| 300 |
_a256 p. ; _c22 cm. |
||
| 700 | 1 |
_aJiménez Salas, María. _966611 |
|
| 852 |
_aES-MaACL _jC-4524 _bR.25020 |
||
| 999 |
_c129741 _d129741 |
||